Evaluación de capacidades y valores en la sociedad del conocimiento: perspectiva didáctica
Gardado en:
| Autor Principal: | |
|---|---|
| Formato: | Libro |
| Idioma: | Lingua castelá |
| Publicado: |
Santiago
Arrayán
2006
|
| Edición: | 1a. ed |
| Series: | Colección Perfeccionamiento Docente. Teoría para la Práctica
|
| Subjects: | |
| Tags: |
Engadir etiqueta
Sen Etiquetas, Sexa o primeiro en etiquetar este rexistro!
|
MARC
| LEADER | 00000nam a2200000 a 4500 | ||
|---|---|---|---|
| 001 | UCI0697 | ||
| 003 | CL-VaPUC | ||
| 008 | 070525e20060000CL |||||||||||||||||spa|d | ||
| 020 | |a 9562404994 | ||
| 082 | 0 | 4 | |a 371.26 |b DAM |2 21 |
| 100 | 0 | |a Damián Casas, Luis |e author |9 520878 | |
| 245 | 1 | 0 | |a Evaluación de capacidades y valores en la sociedad del conocimiento: perspectiva didáctica |
| 250 | |a 1a. ed | ||
| 300 | |a 186 p | ||
| 942 | |c BK | ||
| 945 | |d 20070525 00:00:00 |a cmena | ||
| 260 | |a Santiago |b Arrayán |c 2006 | ||
| 650 | 0 | |a Evaluación de la educación |9 237505 | |
| 650 | 0 | |a Calidad de la educación |9 307271 | |
| 650 | 0 | |a Rendimiento escolar |9 330254 | |
| 650 | 0 | |a Gestión de la información |9 362327 | |
| 650 | 0 | |a Cognición |9 270347 | |
| 650 | 0 | |a Pensamiento creativo |9 310706 | |
| 583 | |a last modification |c 20140404 06:25:31 |k Rodrigo Vera | ||
| 490 | 0 | |a Colección Perfeccionamiento Docente. Teoría para la Práctica | |
| 999 | |c 325757 |d 325755 | ||
| 952 | |0 0 |1 0 |4 0 |6 371_260000000000000_DAM_2006 |7 0 |8 A |9 407053 |a BIBEDU |b BIBEDU |d 2019-11-22 |i 4342860 |o 371.26 DAM 2006 |p 4342860 |r 2019-11-22 |w 2019-11-22 |y BK |k EFI | ||
| 952 | |0 0 |1 0 |4 0 |6 371_260000000000000_DAM_2006 |7 0 |8 A |9 407054 |a BIBEDU |b BIBEDU |d 2019-11-22 |i 4342879 |o 371.26 DAM 2006 |p 4342879 |r 2019-11-22 |w 2019-11-22 |y BK |k EFI | ||